000 00916nam a2200229Ia 4500
999 _c50972
_d50972
001 17929
003 GE_BSU
005 20200228160711.0
008 181216s2013ge xx |||||||||||||| ||geo||
020 _a9994046039
040 _cGE_BSU
041 _ageo
080 _a342(479.22)(075.8) მ-59
100 _aმეტრეველი, ვალერიან.
_97646
245 _aქართული სამართლის ისტორია /
_cვალერიან მეტრეველი ; რედ. ნ. სურგულაძე.
264 _aთბილისი :
_bმერიდიანი,
_c2013.
300 _a444 გვ.:
_c20 სმ.
653 _aსამართალი
653 _aქართული სამართლის ისტორია
700 _aსურგულაძე, ნ
_eრედაქტორი
_97643
942 _cBK
_2udc